| 000 | 00507nam a2200181Ia 4500 | ||
|---|---|---|---|
| 001 | 3424 | ||
| 005 | 20260306145642.0 | ||
| 008 | 260306t2012||||xx |||||||||||||| ||spa|| | ||
| 041 | _aESP | ||
| 082 |
_a276 _bZ58 |
||
| 100 |
_aZegarra Moretti, Carlos BenjamÃn _eAUT |
||
| 245 | 0 |
_aEl proceso evangelizador en el sur andino durante la segunda mitad del siglo XVII: _bel caso de la parroquia de Capacmarca |
|
| 260 | _c2012 | ||
| 300 |
_a _c |
||
| 650 | _aGEN | ||
| 654 | _aCHU | ||
| 942 |
_cLIB _dJUS _fJUS _2ddc _n |
||
| 999 |
_c3424 _d3424 |
||